| 000 | 01430nam a2200253 i 4500 | ||
|---|---|---|---|
| 001 | 156129 | ||
| 003 | ES-MaACL | ||
| 005 | 20250725232724.0 | ||
| 008 | 931025s1658 sp |||| | spa d | ||
| 245 | 0 | 0 |
_aIusta poetica zelebrada por la Vniuersidad de Alcala Colegio Mayor de S. Ilefonso en el nacimiento del principe de las Españas ... / _cpublicala el Dotor Francisco Ignacio de Porres... |
| 260 |
_aInpresa en Alcala : _bpor Maria Fernandez, _c1658. |
||
| 300 |
_a[16], 484 p., [1] h. de grab. pleg. ; _c4º. |
||
| 530 | _aDisponible en formato digital. | ||
| 594 | _aTit. en antep.: "Aclamación de las musas al nacimiento del principe de las Españas nuestro señor" | ||
| 597 | _aSign.: Sign.: ¶8, A-Z8, Aa-Gg8, Hh². | ||
| 597 | _aEsc. real xil. en p. 108. | ||
| 599 | _aLas p. 39-40 son h. de grab. calc. pleg.: "Marcus de Orozco delineavit et sculpsit" | ||
| 650 | 4 |
_aPoesías españolas- _yS.XVI-XVII _916219 |
|
| 650 | 4 |
_aJustas poéticas- _zEspaña- _yS.XVII. _9158620 |
|
| 700 | 1 |
_aPorres, Francisco Ignacio de. _9131287 |
|
| 852 |
_aES-MaACL _jR-840 _z-- Enc. hol., con cortes dorados _z-- Ex-libris del Conde de Ezpeleta _q-- Falto de la h. de grab. pleg., las p. 39-40 en blanco; falto de antep. _x-- Edic: T597: Port. con esc. real xil. _x Olim: G-754 |
||
| 856 |
_uhttp://bdh-rd.bne.es/viewer.vm?id=0000112761&page=1 _zBiblioteca Digital Hispánica |
||
| 999 |
_c156129 _d156129 |
||